30 General Knowledge Questions Quiz Stats

 Plays Quiz not verified by Sporcle

Challenge
Share
Tweet
Embed
Score 0/30 Timer 06:00
0 Plays Today
Question Answer % Correct
In which 2005 movie do Angelina Jolie and Brad Pitt both star?Mr and Mrs Smith
79.8%
Which of these singer-songwriters is the oldest: George Ezra, Ed Sheeran or Sam Smith?Ed Sheeran
77%
Who is Mario’s younger brother in the Mario video game franchise?Luigi
72.1%
What is the smallest country in the world?Vatican City
71.1%
Which Italian painter is famous for works such as the ‘Mona Lisa’, ‘The Last Supper’ and ‘Virgin of the Rocks’?Leonardo Da Vinci
69.9%
Who wrote the novel ‘Nineteen Eighty-Four’?George Orwell
68.3%
What is the capital city of Turkey?Ankara
68.1%
How many moons does Mars have?2
67.1%
What is the first book of the Old Testament?Genesis
60.6%
What is the most abundant gas in the Earth’s atmosphere?Nitrogen
60.4%
From what country does the band A-ha originate from?Norway
46.1%
Which war ran from 1861 to 1865?American Civil War
42%
Which band is known for songs such as ‘And I Love Her’, ‘Get Back’ and ‘While My Guitar Gently Weeps’? The Beatles
41.4%
Name one of the four countries that directly border Albania.Montenegro
40.6%
What chemical is represented by the symbol Sn?Tin
39%
Question Answer % Correct
What word represents the letter Y in the NATO alphabet?Yankee
34.3%
What English county is the city of Preston located in?Lancashire
29.1%
Who is the shortest reigning British monarch?Lady Jane Grey
26.7%
At what site were Alan Turing and his team working when they cracked the enigma code?Bletchley park
26.5%
What blogging/social networking website did David Karp invent?Tumblr
26.5%
What is the capital of the US state of Iowa?Des Moines
22.8%
Who played the ninth incarnation of the Doctor in Doctor Who?Christopher Eccleston
21.4%
What country is Skoda based in?Czech Republic
18.8%
Which famous mathematician (often referred to as the ‘Father of Geometry’) wrote the ‘Elements’?Euclid
18%
Which British Prime Minister was in office from 1916 to 1922?David Lloyd George
17.4%
Which US president was in office for the shortest time?William Harrison
17%
Which is the longest running West End show?The Mousetrap
16%
What actress has featured in the films ‘Up in the Air’, ’50/50’ and ‘Drinking Buddies’?Anna Kendrick
14.5%
What company did Apple takeover in 2014?Beats Electronics
13.5%
In Harry Potter, who does Tom Riddle steal Helga Hufflepuff’s cup from?Hepzibah Smith
7.1%

You're not logged in!

Compare scores with friends on all Sporcle quizzes.
Join for Free
OR
Log In

You Might Also Like...

Show Comments

Extras

Created Jan 28, 2015ReportNominate
Tags:General Knowledge Quiz

Top Quizzes Today


Score Distribution

Your Account Isn't Verified!

In order to create a playlist on Sporcle, you need to verify the email address you used during registration. Go to your Sporcle Settings to finish the process.

Report this User

Report this user for behavior that violates our Community Guidelines.

Details: